LEADER 00775nam0-22002771i-450- 001 990001036030403321 005 20040528152933.0 010 $a0-19-851984-2 035 $a000103603 035 $aFED01000103603 035 $a(Aleph)000103603FED01 035 $a000103603 100 $a20020001d--------km-y0itay50------ba 101 0 $aeng 200 1 $aClassical Equilibrium Statistical Mechanics$fC.J. Thompson 210 $aOxford$cClarendon Press$d1988 610 0 $aMeccanica statistica 676 $a530.13 700 1$aThompson,$bColin J.$049391 801 0$aIT$bUNINA$gRICA$2UNIMARC 901 $aBK 912 $a990001036030403321 952 $a21-097F$b19359$fFI1 959 $aFI1 996 $aClassical Equilibrium Statistical Mechanics$9338942 997 $aUNINA LEADER 01955nam0 22003133i 450 001 SUN0126573 005 20200210095404.908 010 $a88--2-07-31-52-5$d0.00 100 $a20200210d2001 |0itac50 ba 101 $aita 102 $aIT 105 $a|||| ||||| 200 1 $a*Guida al riconoscimento degli arbusti ornamentali$fRiccardo Motti 210 $aNapoli$cLiguori$d2001 215 $a364 p.$cill.$d22x24 cm. 620 $dNapoli$3SUNL000005 676 $a582.17$cArbusti$v22 700 1$aMotti$b, Riccardo$3SUNV097952$070465 712 $aLiguori$3SUNV000052$4650 801 $aIT$bSOL$c20200420$gRICA 856 4 $u/sebina/repository/catalogazione/documenti/copertina Guida al riconoscimento degli arbusti ornamentali.jpg 912 $aSUN0126573 950 $aUFFICIO DI BIBLIOTECA DEL DIPARTIMENTO DI SCIENZE E TECNOLOGIE AMBIENTALI BIOLOGICHE E FARMACEUTICHE$d17PREST Jb169 $e17BIB2205 20200210 $sBuono 950 $aUFFICIO DI BIBLIOTECA DEL DIPARTIMENTO DI SCIENZE E TECNOLOGIE AMBIENTALI BIOLOGICHE E FARMACEUTICHE$d17PREST Jb168 $e17BIB2204 20200210 $sBuono 950 $aUFFICIO DI BIBLIOTECA DEL DIPARTIMENTO DI SCIENZE E TECNOLOGIE AMBIENTALI BIOLOGICHE E FARMACEUTICHE$d17PREST Jb167 $e17BIB2203 20200210 $sBuono 950 $aUFFICIO DI BIBLIOTECA DEL DIPARTIMENTO DI SCIENZE E TECNOLOGIE AMBIENTALI BIOLOGICHE E FARMACEUTICHE$d17PREST Jb166 $e17BIB2202 20200210 $sBuono 950 $aUFFICIO DI BIBLIOTECA DEL DIPARTIMENTO DI SCIENZE E TECNOLOGIE AMBIENTALI BIOLOGICHE E FARMACEUTICHE$d17CONS Jb165 $e17BIB2201 20200210 $sBuono 996 $aGuida al riconoscimento degli arbusti ornamentali$91668044 997 $aUNICAMPANIA LEADER 03084oam 22007814a 450 001 9910459261903321 005 20211028114834.0 010 $a1-4473-0192-7 010 $a1-282-70624-1 010 $a9786612706240 010 $a1-84742-859-2 035 $a(CKB)2670000000035636 035 $a(EBL)565686 035 $a(OCoLC)728679760 035 $a(SSID)ssj0000414467 035 $a(PQKBManifestationID)12172426 035 $a(PQKBTitleCode)TC0000414467 035 $a(PQKBWorkID)10393975 035 $a(PQKB)10351463 035 $a(UtOrBLW)PPO00036 035 $a(MiAaPQ)EBC565686 035 $a(Au-PeEL)EBL565686 035 $a(CaPaEBR)ebr10408654 035 $a(CaONFJC)MIL270624 035 $a(OCoLC)659561037 035 $a(MdBmJHUP)musev2_80161 035 $a(EXLCZ)992670000000035636 100 $a20100830d2010 uy 0 101 0 $aeng 135 $aur|n|---||||| 181 $ctxt 182 $cc 183 $acr 200 10$aCommunity development and civil society$eMaking connections in the European context /$fPaul Henderson and Ilona Vercseg 210 1$aPortland, OR :$cPolicy,$d2010. 210 4$dİ2010. 215 $a1 online resource (225 p.) 300 $aDescription based upon print version of record. 311 $a1-86134-969-6 311 $a1-86134-970-X 320 $aIncludes bibliographical references (p. 191-199) and index. 327 $a1. Introduction; 2. Civil society; 3. Community development; 4. Socialisation; 5. Economic wealth; 6. Social participation; 7. Social control; 8. Mutual support and solidarity; 9. The potential of community development; 10. Learning and support; 11. Conclusion. 330 $aSet within the context of Europe, this book demonstrates the contribution that community development can make to strengthening civil society. The book interweaves case studies with discussion of community development principles and theory to provide a critical and accessible approach. 606 $aOpbouwwerk$2gtt 606 $aCommunity development$2fast$3(OCoLC)fst00870818 606 $aCivil society$2fast$3(OCoLC)fst00862876 606 $aSOCIAL SCIENCE$xSocial Work$2bisacsh 606 $aPOLITICAL SCIENCE$xPublic Policy$xCity Planning & Urban Development$2bisacsh 606 $aCivil society$zGreat Britain 606 $aCommunity development$zGreat Britain 607 $aVerenigd Koninkrijk van Groot-Brittannie? en Noord-Ierland$2gtt 607 $aGreat Britain$2fast 608 $aElectronic books. 615 10$aOpbouwwerk. 615 0$aCommunity development. 615 0$aCivil society. 615 0$aSOCIAL SCIENCE$xSocial Work. 615 0$aPOLITICAL SCIENCE$xPublic Policy$xCity Planning & Urban Development. 615 0$aCivil society 615 0$aCommunity development 676 $a307.14 700 $aHenderson$b Paul$f1942-$01070883 801 0$bMdBmJHUP 801 1$bMdBmJHUP 906 $aBOOK 912 $a9910459261903321 996 $aCommunity development and civil society$92565340 997 $aUNINA